| 000 | | | 03906cbm0a2200289#x 450 |
| 001 | | | 3ec25c11-e549-4d88-8253-b75c3cc3fdc7 |
| 005 | | | 20210819132007.0 |
| 100 | ## | $a | 20210818j19410605k###0rusy50 ca |
| 101 | 0# | $a | ger |
| 102 | ## | $a | DE |
| 105 | ## | $a | y###z######## |
| 122 | 1# | $a | d19410601## |
| | $a | d19410605## |
| 200 | 1# | $a | Временный план "Барбаросса". Состояние приготовлений на 1 июня 1941 г. |
| | $j | 5 июня 1941 г. |
| 251 | ## | $c | Документ |
| 300 | ## | $a | Подлинник. На немецком языке |
| 300 | ## | $a | Также имеется: Временный план "Барбаросса". Состояние приготовлений на 1 июня 1941 г. [5 июня 1941 г.]. Копия. Перевод на русский язык. Местонахождение: ГА РФ. Ф. Р-7021. Оп. 148. Д. 208. Л. 32-33 |
| 605 | ## | $2 | prlib_sh |
| | $3 | LIBNET\UAF\0000088514 |
| | $a | Вторая мировая война в архивных документах (Комплекс оцифрованных архивных документов, кино- и фотоматериалов) |
| | $l | коллекция |
| 606 | 1# | $2 | nlr_sh |
| | $3 | RU\NLR\AUTH\66129577 |
| | $a | "Барбаросса", план |
| | $j | Документы и материалы |
| 607 | ## | $2 | prlib_sh |
| | $3 | LIBNET\UAF\0000096400 |
| | $a | Германия |
| | $x | История |
| | $z | 1940 |
| | $j | Документы и материалы |
| 617 | ## | $2 | prlib_sh |
| | $a | Германия |
| | $f | 1941 |
| 686 | ## | $a | 63.3(4Гем)62-6ю11 |
| | $v | LBC/M |
| | $2 | rubbk |
| 801 | #0 | $a | RU |
| | $b | ПБ им. Б.Н. Ельцина |
| | $c | 20210818 |
| 801 | #1 | $a | RU |
| | $b | ПБ им. Б.Н. Ельцина |
| | $c | 20210818 |
| | $2 | rusmarc |
| 801 | #2 | $a | RU |
| | $b | ПБ им. Б.Н. Ельцина |
| | $c | 20210819 |
| | $2 | rusmarc |
| 850 | ## | $a | Федеральный архив Германии |
| 852 | ## | $a | Федеральный архив Германии |
| 856 | 4# | $n | ПБ им. Б.Н. Ельцина |
| | $u | http://readingroom.main.prlib.ru/item.aspx?id_node=n166751712&mode=full |
| 035 | ## | $a | LIBNET\0001177532 |
| 937 | ## | $d | 166751712 |
| | $h | Федеральное архивное агентство |